Powiat Ropczycko-sedziszowski (Record no. 19888)
[ view plain ]
| 000 -NÁVESTIE | |
|---|---|
| fixed length control field | 00239nam a2200097 a 4500 |
| 008 - ÚDAJE S PEVNOU DĹŽKOU – VŠEOBECNÉ INFORMÁCIE | |
| fixed length control field | 111125s2008|||| d |
| 020 ## - MEDZINÁRODNÉ ŠTANDARDNÉ ČÍSLO KNIHY (ISBN) | |
| Údaje o dostupnosti | 100 |
| 044 ## - KÓD KRAJINY VYDAVATEĽA/PRODUCENTA | |
| Kód krajiny MARC | xo |
| Kód krajiny ISO | SK |
| 245 10 - NÁZOV | |
| Názov | Powiat Ropczycko-sedziszowski |
| 260 ## - VYDAVATEĽSKÉ ÚDAJE, DISTRIBÚCIA ATĎ. | |
| Názov vydavateľa, distibútora atď. | Serigraph |
| Dátum publikovania, distribúcie atď. | 2008 |
| Miesto publikovania, distribúcie atď. | Ropczyce |
| Stav stiahnutia (Blokovanie) (Withrawn status) | Stav straty | Stav poškodenia (Damaged status) | Nie pre výpožičky (Not for loan) | Spôsob nadobudnutia (Collection code) | Trvalé umiestnenie | Aktuálne umiestnenie | Dátum nadobudnutia | Náklady, bežná kúpna cena | Inventárne číslo (prírastkové číslo) | Full call number | Dátum posledného výskytu | Cena s účinnosťou od | Typ jednotky Koha |
|---|---|---|---|---|---|---|---|---|---|---|---|---|---|
| Kúpa | Mestská knižnica Giraltovce | Mestská knižnica Giraltovce | 2019-11-29 | 100.00 | 18 374 | I 1573 | 2019-11-29 | 2019-11-29 | Odborná literatúra pre dospelých |